|
|
|
|
| LEADER |
01189nam a2200313 a 4500 |
| 001 |
000655077 |
| 003 |
CZ BrMZK |
| 005 |
20100716111435.0 |
| 007 |
ta |
| 008 |
030225s2003 xr e c cze d |
| 015 |
|
|
|z cnb001241025
|
| 020 |
|
|
|q (brož.)
|
| 035 |
|
|
|a (OCoLC)53262272
|
| 040 |
|
|
|a BOA001
|b cze
|
| 072 |
|
7 |
|a 673
|x Předměty z neželezných kovů
|2 Konspekt
|9 19
|
| 080 |
|
|
|a 673.5
|2 MRF
|
| 080 |
|
|
|a (083.824)
|2 MRF
|
| 100 |
1 |
|
|a Mlčák, Leoš,
|d 1948-
|7 jk01081893
|4 aut
|
| 245 |
1 |
0 |
|a Tajemství tónu zvonů :
|b průvodce expozicí /
|c Leoš Mlčák
|
| 260 |
|
|
|a Přerov :
|b Muzeum Komenského,
|c 2003
|
| 300 |
|
|
|a 46 s. :
|b barev. il. ;
|c 21 cm
|
| 500 |
|
|
|a Německé a anglické resumé
|
| 650 |
0 |
7 |
|a zvony
|7 ph127698
|2 czenas
|
| 655 |
|
7 |
|a katalogy výstav
|7 fd132536
|2 czenas
|
| 856 |
4 |
1 |
|u http://www.digitalniknihovna.cz/mzk/uuid/uuid:3a1270c0-71e6-11e2-89f6-005056827e51
|y Digitalizovaný dokument
|x NDK
|
| 910 |
|
|
|a BOA001
|b 2-1112.196
|
| 990 |
|
|
|a BK
|
| 996 |
6 |
|
|b 2610182276
|c 2-1112.196
|l MZK
|r Sklad / do 1 hodiny
|n 1
|p p.v.
|w 000655077
|u 000010
|a 1
|e BOA001
|j MZK50
|s P
|
| 996 |
7 |
|
|b 2610361485
|c 2-1112.196
|l MZK
|r Sklad / do 1 hodiny
|n 4
|p p.v.
|w 000655077
|u 000020
|a 1
|e BOA001
|j MZK50
|s A
|